000 00498nam a2200181Ia 4500
001 11566
005 20260306162837.0
008 260306t2000||||xx |||||||||||||| ||spa||
041 _aESP
082 _a985.092
_bD15
100 _aDager Alva, Joseph
_eAUT
245 0 _aUna aproximación a la historiografía del siglo XIX:
_bvida y obra de José Toribio Polo (1841-1918)
260 _c2000
300 _a354 páginas :
_c20 cm.
650 _aGEN
654 _aCHU
942 _cLIB
_dJUS
_fJUS
_2ddc
_n
999 _c11566
_d11566